000 00685nam a2200229 4500
008 s2002 fr fre u
020 _a2011352983
020 _a9782011352989
040 _aLB-BrCRDP
082 1 _aT. S
_bMAT. g
100 1 _aMisset, Lydia
245 1 0 _aMaths - Terminale S. (Obligatoire et Spécialité). Classeur du professeur
_cLydia Misset , Jean - Paul Beltramone
260 _aParis
_bHachette
_c2002
300 _a191 p.
_c32 cm
490 0 _aDéclic
500 _aSommaire.
650 4 _aMathématiques
650 4 _aClasse de Terminale
700 1 _aBeltramone, Jean-Paul
942 _cBK
999 _c1028
_d1028